| 000 | 00494cam a22001337a 4500 | ||
|---|---|---|---|
| 008 | 180718b2004 xxu||||| |||| 00| 0 eng d | ||
| 082 | _aAPPPA 2003-04 PRA/33 | ||
| 100 | _aPrasad, Divya | ||
| 245 |
_aRole/relevance of generalist bureaucracy in a specialised environment: a case study of ministry of defence _cby Divya Prasad |
||
| 260 |
_aNew Delhi _bIndian Institute of Public Administration _c2004 |
||
| 300 | _a79p. | ||
| 650 | _aPublic Administration - India | ||
| 650 | _aBureaucracy - India | ||
| 999 |
_c492913 _d492913 |
||